000 00614nam a22002057a 4500
005 20221110105901.0
008 221110b ||||| |||| 00| 0 eng d
040 _cAL
041 _aEnglish
082 _223
_a329.954
_bCOMS
100 _aCommittee of Concerned Citizens
_961641
245 _aSearch of Democratic Space
260 _aHyderabad
_bCommittee of Concerned Citizns
_c1998
300 _a112 p.
_bPB
_c19x13.5 cm.
650 _aNaxalite movement
_961642
650 _aIndia
_961643
650 _aPolitics and government
_961644
700 _aCOMMITTEE OF CONCERNED CITIZENS
_961645
942 _2ddc
_cGF
999 _c225112
_d225112